000 00798cam a2200253 4500
001 B2740
008 090401t1989 xxu||||| |||| 00| 0 eng d
035 _a(Sirsi) u51818
041 _aeng
050 _a692.9
110 _aJoint Contracts Tribunal
_93664
245 _aStandard forms of nominated sub-contract (NSC/4 and NSC/4a) 1980 edition ... amendment 8 and guidance note ... amendments to VAT provisions
260 _aLondon
_bBEC Publications
_c1989
300 _a11p. ; 30cm.
350 _a0.5
520 _aCopies of original contracts filed at JCT 1980/12A and JCT 1980/13A.
650 _aJCT STANDARD FORMS OF NOMINATED SUB-CONTRACT 1980
650 _aNSC4
650 _aNSC4A
650 _aSUBCONTRACTS
650 _aVALUE ADDED TAX
942 _n0
948 _c04/03/1997
999 _c92961
_d92961